Applying environmental economics in Africa
Environmental economics can contribute to environmentally sustainable development in several ways. First, it can analyze the links between macroeconomic and sectoral policies and the environment. Second, environment economics can enhance a system of National Accounts to better reflect the costs and...
Zapisane w:
| 1. autor: | |
|---|---|
| Format: | Książka |
| Język: | Undetermined |
| Wydane: |
Washington D.C
The World Bank
1995
|
| Hasła przedmiotowe: | |
| Etykiety: |
Dodaj etykietę
Nie ma etykietki, Dołącz pierwszą etykiete!
|
| Thư viện lưu trữ: | Trung tâm Học liệu Trường Đại học Cần Thơ |
|---|
| LEADER | 01031nam a2200217Ia 4500 | ||
|---|---|---|---|
| 001 | CTU_37691 | ||
| 008 | 210402s9999 xx 000 0 und d | ||
| 020 | |b 165.000đ | ||
| 082 | |a 333.7 | ||
| 082 | |b C766/No277 | ||
| 100 | |a Convery, Frank J. | ||
| 245 | 0 | |a Applying environmental economics in Africa | |
| 245 | 0 | |c Frank J. Convery | |
| 260 | |a Washington D.C | ||
| 260 | |b The World Bank | ||
| 260 | |c 1995 | ||
| 520 | |a Environmental economics can contribute to environmentally sustainable development in several ways. First, it can analyze the links between macroeconomic and sectoral policies and the environment. Second, environment economics can enhance a system of National Accounts to better reflect the costs and benefits of economic growth to the environment. | ||
| 650 | |a Environmental economics,Sustainable development | ||
| 650 | |x Africa,Africa | ||
| 904 | |i Nguyễn Quang Điền (sửa số pl 333.7/W927/No277 thành 333.7/C766/No277) | ||
| 980 | |a Trung tâm Học liệu Trường Đại học Cần Thơ | ||